| 000 | 00669nam a2200217Ia 4500 | ||
|---|---|---|---|
| 003 | OSt | ||
| 005 | 20231127230425.0 | ||
| 008 | 210310s9999 xx 000 0 und d | ||
| 020 | _a978-958-8860-33-6 | ||
| 040 | _cCO-JMCR | ||
| 082 |
_aC / _bWILc1 |
||
| 100 |
_aWilliams, Margery _918116 |
||
| 245 | 0 |
_aEl conejo de felpa / _cMargery Williams |
|
| 260 | _c#N/A | ||
| 300 | _b77 páginas : ilustraciones a blanco y negro ; 20 cm | ||
| 440 |
_a0 _924225 |
||
| 500 | _aEdición especial. Colección para la Primera Infancia del Ministerio de Cultura, Plan Nacional de Lectura y Escritura es mi cuento. | ||
| 505 | _a0 | ||
| 650 |
_a0 _924226 |
||
| 942 |
_2ddc _cBK |
||
| 999 |
_c10969 _d10969 |
||